000 00852nam a2200265Ia 4500
003 OSt
005 20221005133638.0
006 a|||||r|||| 00| 0
007 ta
008 221004b |||||||| |||| 00| 0 hin d
020 _cIndian Rupees 250
024 _a68923
037 _bGift, 23/08/2021,
_cTextual
040 _aCRL
_cCRL
_bhin
041 _2hin
_ahin
082 _aR65,6, 152Q3
100 _aभारद्वाज, सी एल, ले.
245 0 _aश्रीमद्भगवद् गीता के रहस्य
246 _aShrīmadbhagavad gītā ke rahasya
260 _c2013
300 _a193पृ0
_ccm.
650 _aदर्शनशास्त्र
942 _hR65,6, 152Q3
_cTEXL
_2cc
999 _c1067435
_d1067435